[Event "Stare Mesto op"]
[Site "Stare Mesto"]
[Date "2023.08.12"]
[Round "8"]
[White "Mojzis, Jaroslav"]
[Black "Olvecky, Jaroslav"]
[Result "1-0"]
[WhiteElo "2078"]
[BlackElo "1827"]
[PlyCount "91"]
[EventDate "2023.08.05"]
[EventType "swiss"]
[EventRounds "9"]
[EventCountry "CZE"]
[SourceTitle "EXT 2024"]
[Source "ChessBase"]
[SourceDate "2023.10.10"]
[SourceVersion "1"]
[SourceVersionDate "2023.10.10"]
[SourceQuality "1"]

1. d4 d5 2. Nf3 Nf6 3. g3 e6 4. Bg2 Nbd7 5. 0-0 Bd6 6. c4 c6 7. Nc3 0-0 8. Nd2 Re8 9. e4 Nxe4 10. Ndxe4 dxe4 11. Nxe4 Be7 12. Bf4 Nb6 13. c5 Nd5 14. Bd6 Bxd6 15. Nxd6 Re7 16. Re1 b6 17. Qa4 b5 18. Qc2 a5 19. Be4 h6 20. Qe2 Kf8 21. Rad1 Bd7 22. Bd3 Rb8 23. Bb1 Kg8 24. Rd3 Qf8 25. Rf3 f5 26. Rd3 g6 27. a3 Kg7 28. Rd2 Qf6 29. Ba2 Nc7 30. Qd3 Kh8 31. Rde2 b4 32. Re5 Kh7 33. Bc4 Kh8 34. axb4 Rxb4 35. b3 Rb8 36. Qd2 Ra8 37. Qxh6+ Rh7 38. Qd2 g5 39. f4 Rg8 40. Rf1 Qh6 41. Re2 gxf4 42. Qxf4 Qh3 43. Qe5+ Rhg7 44. Rg2 Kh7 45. Nxf5 exf5 46. Bxg8+ 1-0

[Event "Stare Mesto op"]
[Site "Stare Mesto"]
[Date "2023.08.06"]
[Round "2"]
[White "Mojzis, Jaroslav"]
[Black "Volak, Simon"]
[Result "1-0"]
[WhiteElo "2078"]
[BlackElo "2103"]
[PlyCount "129"]
[EventDate "2023.08.05"]
[EventType "swiss"]
[EventRounds "9"]
[EventCountry "CZE"]
[SourceTitle "EXT 2024"]
[Source "ChessBase"]
[SourceDate "2023.10.10"]
[SourceVersion "1"]
[SourceVersionDate "2023.10.10"]
[SourceQuality "1"]

1. Nf3 c5 2. g3 Nf6 3. c4 Nc6 4. d4 cxd4 5. Nxd4 e6 6. Bg2 Bb4+ 7. Bd2 Bxd2+ 8. Qxd2 0-0 9. Nc3 a6 10. 0-0 Qc7 11. Rac1 d6 12. Rfd1 Rd8 13. Nd5 exd5 14. cxd5 Nxd5 15. Bxd5 Bd7 16. Qf4 Be8 17. Nf5 Rd7 18. Bxc6 bxc6 19. Rxd6 Rxd6 20. Nxd6 Qe7 21. e4 Bd7 22. h4 Rd8 23. Nf5 Bxf5 24. Qxf5 g6 25. Qf4 Rd4 26. Rxc6 Rxe4 27. Qf3 Re1+ 28. Kg2 a5 29. Rc4 Kg7 30. h5 Qe2 31. Qxe2 Rxe2 32. hxg6 Rxb2 33. Ra4 Rb5 34. gxf7 Kxf7 35. Kf3 Kf6 36. Rc4 Rb2 37. a4 Ra2 38. Ke3 Ra1 39. Kf4 Ra2 40. f3 Ra3 41. g4 h6 42. Ke4 Kg6 43. f4 Ra1 44. Ke5 Re1+ 45. Kd5 Ra1 46. Kc6 Rb1 47. Kc5 h5 48. gxh5+ Kxh5 49. Kc6 Kg4 50. Rc5 Kxf4 51. Rxa5 Ra1 52. Kb6 Ke4 53. Rh5 Kd4 54. a5 Kc4 55. a6 Rb1+ 56. Kc6 Ra1 57. Rh4+ Kd3 58. Kb7 Rb1+ 59. Ka8 Ra1 60. a7 Rb1 61. Rh8 Kd4 62. Rb8 Rh1 63. Kb7 Rh7+ 64. Kb6 Rh6+ 65. Kb5 1-0

[Event "Pardubice rapid op 34th"]
[Site "Pardubice"]
[Date "2023.07.20"]
[Round "4"]
[White "Nespurek, Jakub"]
[Black "Mojzis, Jaroslav"]
[Result "1-0"]
[WhiteElo "1749"]
[BlackElo "2092"]
[PlyCount "39"]
[EventDate "2023.07.19"]
[EventType "swiss (rapid)"]
[EventRounds "9"]
[EventCountry "CZE"]
[SourceTitle "CBM 215 Extra"]
[Source "ChessBase"]
[SourceDate "2023.09.30"]
[SourceVersion "1"]
[SourceVersionDate "2023.09.30"]
[SourceQuality "1"]

1. e4 e5 2. Nf3 Nc6 3. d4 exd4 4. Bc4 Nf6 5. e5 d5 6. Bb5 Ne4 7. Nxd4 Bc5 8. Be3 0-0 9. Bxc6 bxc6 10. 0-0 Bd7 11. Nd2 Nxd2 12. Qxd2 Qe7 13. Rfe1 Qxe5 14. Nxc6 Bxe3 15. Rxe3 Qxb2 16. Ne7+ Kh8 17. Rae1 c6 18. Qd3 Rae8 19. Re5 Qb4 20. Qxh7+ 1-0

[Event "Pardubice rapid op 34th"]
[Site "Pardubice"]
[Date "2023.07.20"]
[Round "8"]
[White "Nytra, Ondrej"]
[Black "Mojzis, Jaroslav"]
[Result "1/2-1/2"]
[WhiteElo "2168"]
[BlackElo "2092"]
[PlyCount "118"]
[EventDate "2023.07.19"]
[EventType "swiss (rapid)"]
[EventRounds "9"]
[EventCountry "CZE"]
[SourceTitle "CBM 215 Extra"]
[Source "ChessBase"]
[SourceDate "2023.09.30"]
[SourceVersion "1"]
[SourceVersionDate "2023.09.30"]
[SourceQuality "1"]

1. e4 e5 2. Nf3 Nc6 3. Bb5 a6 4. Ba4 Nf6 5. 0-0 Be7 6. Re1 b5 7. Bb3 d6 8. c3 0-0 9. d4 Bg4 10. Be3 exd4 11. cxd4 d5 12. e5 Ne4 13. h3 Bh5 14. Nc3 Nxc3 15. bxc3 Na5 16. Bc2 Nc4 17. Bc1 a5 18. Rb1 b4 19. cxb4 axb4 20. Qd3 Bg6 21. Qb3 Bxc2 22. Qxc2 c6 23. Nd2 Na3 24. Bxa3 Rxa3 25. Qxc6 Rxa2 26. Nb3 f6 27. Nc1 Ra7 28. Nd3 fxe5 29. Qe6+ Kh8 30. Nxe5 Bf6 31. Nc6 Qc7 32. Nxa7 Qxa7 33. Qxd5 Bxd4 34. Kh1 Bc3 35. Re3 h6 36. Qd3 Qf7 37. Rf1 Rc8 38. Qb5 Rd8 39. f4 Qf6 40. f5 Qg5 41. Re4 h5 42. Qc4 Qg3 43. Qb3 Kh7 44. f6 Rd2 45. Rg1 Rxg2 46. Rxg2 Qxh3+ 47. Kg1 Bd4+ 48. Rxd4 Qxb3 49. fxg7 Qe3+ 50. Kh1 Qh3+ 51. Kg1 Qe3+ 52. Kh2 Qe5+ 53. Kh3 Qe6+ 54. Kh2 Qe5+ 55. Kh3 Qe6+ 56. Kh4 Qe7+ 57. Kh3 Qe6+ 58. Kh2 Qe5+ 59. Kh3 Qe6+ 1/2-1/2

[Event "Pardubice rapid op 34th"]
[Site "Pardubice"]
[Date "2023.07.19"]
[Round "2"]
[White "Lalic, Bogdan"]
[Black "Mojzis, Jaroslav"]
[Result "1-0"]
[WhiteElo "2371"]
[BlackElo "2092"]
[PlyCount "38"]
[EventDate "2023.07.19"]
[EventType "swiss (rapid)"]
[EventRounds "9"]
[EventCountry "CZE"]
[SourceTitle "CBM 215 Extra"]
[Source "ChessBase"]
[SourceDate "2023.09.30"]
[SourceVersion "1"]
[SourceVersionDate "2023.09.30"]
[SourceQuality "1"]

1. d4 Nf6 2. c4 e6 3. Nf3 b6 4. g3 Ba6 5. Qb3 Be7 6. Bg2 Bb7 7. 0-0 0-0 8. Nc3 Ne4 9. Nxe4 Bxe4 10. Bf4 d6 11. Qe3 Bb7 12. Qd3 Nd7 13. e4 c5 14. d5 e5 15. Bd2 g6 16. Bh6 Re8 17. a3 Nf6 18. h3 Bf8 19. Bd2 Nd7 1-0

[Event "CZE-chT2D 2223"]
[Site "Czech Republic"]
[Date "2023.01.22"]
[Round "7.4"]
[White "Mojzis, Jaroslav"]
[Black "Mikyska, Kamil"]
[Result "1-0"]
[WhiteElo "2108"]
[BlackElo "1960"]
[PlyCount "77"]
[EventDate "2022.10.16"]
[EventType "team-tourn"]
[EventRounds "11"]
[EventCountry "CZE"]
[SourceTitle "EXT 2024"]
[Source "ChessBase"]
[SourceDate "2023.10.10"]
[SourceVersion "1"]
[SourceVersionDate "2023.10.10"]
[SourceQuality "1"]
[WhiteTeam "Polabiny IV"]
[BlackTeam "Lanskroun"]
[WhiteTeamCountry "CZE"]
[BlackTeamCountry "CZE"]

1. Nf3 d5 2. g3 Nf6 3. Bg2 b6 4. c4 e6 5. 0-0 Bb7 6. d4 Be7 7. Nc3 0-0 8. Bg5 dxc4 9. Qa4 Nbd7 10. Rad1 Nd5 11. Bxe7 Qxe7 12. Qxc4 Nxc3 13. bxc3 c5 14. Rfe1 Rfd8 15. e4 Rac8 16. d5 exd5 17. exd5 Qf6 18. Re3 a6 19. a4 Re8 20. Rde1 Rxe3 21. Rxe3 Rd8 22. Qd3 Nf8 23. Nd2 Ng6 24. Ne4 Qf5 25. c4 Qd7 26. Qb3 f5 27. Ng5 b5 28. axb5 axb5 29. cxb5 Rb8 30. Qc4 h6 31. d6+ Kh8 32. Bxb7 Qxb7 33. Qf7 Qa8 34. Qxg6 Qa1+ 35. Kg2 hxg5 36. d7 Qa8+ 37. Kh3 g4+ 38. Kh4 Rf8 39. Re8 1-0

[Event "CZE-chT2D 2223"]
[Site "Czech Republic"]
[Date "2022.12.18"]
[Round "5.6"]
[White "Mojzis, Jaroslav"]
[Black "Sucharda, Tomas"]
[Result "1-0"]
[WhiteElo "2108"]
[BlackElo "1988"]
[PlyCount "55"]
[EventDate "2022.10.16"]
[EventType "team-tourn"]
[EventRounds "11"]
[EventCountry "CZE"]
[SourceTitle "EXT 2024"]
[Source "ChessBase"]
[SourceDate "2023.10.10"]
[SourceVersion "1"]
[SourceVersionDate "2023.10.10"]
[SourceQuality "1"]
[WhiteTeam "Polabiny IV"]
[BlackTeam "Lipa"]
[WhiteTeamCountry "CZE"]
[BlackTeamCountry "CZE"]

1. Nf3 Nf6 2. c4 e6 3. g3 b6 4. Bg2 Bb7 5. 0-0 Be7 6. d4 d6 7. Nc3 Nbd7 8. d5 e5 9. e4 h6 10. Ne1 g5 11. Nc2 Nf8 12. Ne3 Bc8 13. Nf5 Ng6 14. Qe2 Bd7 15. Bd2 Bf8 16. Rae1 Qc8 17. f4 g4 18. Ne3 Bg7 19. f5 Ke7 20. fxg6 fxg6 21. b4 h5 22. c5 Qg8 23. Nc4 h4 24. gxh4 Rxh4 25. c6 Qh7 26. cxd7 Rxh2 27. Bg5 Rh8 28. Qxg4 1-0

[Event "Wch Seniors 65 30th"]
[Site "Assisi"]
[Date "2022.11.22"]
[Round "7"]
[White "Mojzis, Jaroslav"]
[Black "Kristiansen, Jens"]
[Result "0-1"]
[WhiteElo "2094"]
[BlackElo "2353"]
[PlyCount "100"]
[EventDate "2022.11.15"]
[EventType "swiss"]
[EventRounds "11"]
[EventCountry "ITA"]
[SourceTitle "CBM 211 Extra"]
[Source "ChessBase"]
[SourceDate "2023.01.31"]
[SourceVersion "1"]
[SourceVersionDate "2023.01.31"]
[SourceQuality "1"]

1. Nf3 g6 2. g3 Bg7 3. d4 f5 4. Bg2 Nf6 5. 0-0 0-0 6. c4 d6 7. Nc3 e6 8. Re1 Ne4 9. Qc2 Nxc3 10. bxc3 e5 11. dxe5 dxe5 12. Ba3 Re8 13. Rad1 Qf6 14. e3 Nc6 15. c5 Be6 16. c4 Rad8 17. Rxd8 Rxd8 18. Rb1 e4 19. Bb2 Qe7 20. Nd2 Nb4 21. Qb3 Nd3 22. Bxg7 Nxc5 23. Qb4 Kxg7 24. Nb3 b6 25. Nxc5 Qxc5 26. Qxc5 bxc5 27. Bf1 Kf6 28. Rb7 Rd1 29. Kg2 a5 30. Ra7 Rc1 31. Rxa5 Bxc4 32. Bxc4 Rxc4 33. Ra7 c6 34. Rxh7 Ra4 35. Rc7 Ra6 36. a4 Ke5 37. Kf1 c4 38. Ke2 Kd5 39. Rd7+ Kc5 40. Rg7 Rxa4 41. Rxg6 Ra2+ 42. Ke1 c3 43. Kd1 Rd2+ 44. Kc1 Rxf2 45. h4 Kc4 46. Rxc6+ Kd3 47. Rd6+ Kxe3 48. Rc6 Kd4 49. h5 e3 50. Kd1 Rd2+ 0-1

[Event "Stare Mesto op"]
[Site "Stare Mesto"]
[Date "2022.08.15"]
[Round "4"]
[White "Babula, Matej"]
[Black "Mojzis, Jaroslav"]
[Result "0-1"]
[WhiteElo "1748"]
[BlackElo "2102"]
[PlyCount "72"]
[EventDate "2022.08.12"]
[EventType "swiss"]
[EventRounds "9"]
[EventCountry "CZE"]
[SourceTitle "CBM 209 Extra"]
[Source "ChessBase"]
[SourceDate "2022.09.30"]
[SourceVersion "1"]
[SourceVersionDate "2022.09.30"]
[SourceQuality "1"]

1. e4 e5 2. Nf3 Nc6 3. Bc4 Bc5 4. c3 Nf6 5. d3 0-0 6. 0-0 d5 7. exd5 Nxd5 8. Re1 Nb6 9. Nxe5 Nxe5 10. Rxe5 Bxf2+ 11. Kxf2 Qf6+ 12. Qf3 Qxe5 13. Bf4 Qc5+ 14. Be3 Qd6 15. Bf4 Qg6 16. Bb3 Bg4 17. Qg3 c6 18. d4 Nd5 19. Bxd5 cxd5 20. Nd2 Rfe8 21. h3 Bf5 22. Qxg6 Bxg6 23. Nf3 f6 24. Re1 Rxe1 25. Kxe1 Be4 26. Kd2 Bxf3 27. gxf3 g5 28. Bg3 Re8 29. b3 b5 30. Kd3 Kf7 31. Kd2 Ke6 32. Kd3 Rc8 33. a3 Rc6 34. Kc2 h5 35. Bf2 Kf5 36. Be3 g4 0-1

[Event "Pardubice rapid op 33rd"]
[Site "Pardubice"]
[Date "2022.07.21"]
[Round "8"]
[White "Mojzis, Jaroslav"]
[Black "Vlasak, Jiri"]
[Result "1/2-1/2"]
[WhiteElo "2108"]
[BlackElo "1817"]
[PlyCount "40"]
[EventDate "2022.07.20"]
[EventType "swiss (rapid)"]
[EventRounds "9"]
[EventCountry "CZE"]
[SourceTitle "CBM 209 Extra"]
[Source "ChessBase"]
[SourceDate "2022.09.30"]
[SourceVersion "1"]
[SourceVersionDate "2022.09.30"]
[SourceQuality "1"]

1. Nf3 Nf6 2. c4 c5 3. g3 Nc6 4. d4 cxd4 5. Nxd4 d6 6. Bg2 Bd7 7. 0-0 e5 8. Nb5 Be6 9. b3 a6 10. N5c3 Be7 11. Qd2 0-0 12. Rd1 Rc8 13. Ba3 Ne8 14. Nd5 f5 15. Nxe7+ Qxe7 16. Bxd6 Nxd6 17. Nc3 Nf7 18. Qb2 e4 19. f3 exf3 20. exf3 Qf6 1/2-1/2

[Event "EUR-chT Seniors 65"]
[Site "Prague"]
[Date "2021.09.02"]
[Round "4.2"]
[White "Hort, Vlastimil"]
[Black "Mojzis, Jaroslav"]
[Result "1/2-1/2"]
[WhiteElo "2385"]
[BlackElo "2030"]
[PlyCount "127"]
[EventDate "2021.08.30"]
[EventType "team-swiss"]
[EventRounds "9"]
[EventCountry "CZE"]
[SourceTitle "CBM 204 Extra"]
[Source "ChessBase"]
[SourceDate "2021.11.30"]
[SourceVersion "1"]
[SourceVersionDate "2021.11.30"]
[SourceQuality "1"]
[WhiteTeam "Germany 65"]
[BlackTeam "Praha Chess Akademia 65"]
[WhiteTeamCountry "GER"]
[BlackTeamCountry "CZE"]

1. e4 e5 2. Nf3 Nc6 3. Bb5 a6 4. Ba4 Nf6 5. Bxc6 dxc6 6. d3 Nd7 7. Nbd2 Be7 8. Nc4 f6 9. Nh4 0-0 10. Nf5 Nc5 11. 0-0 Bxf5 12. exf5 Qd7 13. Ne3 Rad8 14. Qe2 Kh8 15. Rd1 Rfe8 16. h3 Bf8 17. Qg4 Qf7 18. Qe2 Qd7 19. a4 a5 20. Bd2 b6 21. Bc3 Nb7 22. d4 exd4 23. Qf3 Bc5 24. Bxd4 Bxd4 25. c3 Nd6 26. Rxd4 Re5 27. g4 c5 28. Rd2 Qe7 29. Kg2 Re8 30. Rad1 Qf7 31. Rd5 g6 32. fxg6 hxg6 33. c4 Kg7 34. b3 Ne4 35. Rxe5 Rxe5 36. Rd5 Rxd5 37. Nxd5 Ng5 38. Qe3 Ne6 39. h4 Nd4 40. Nf4 Qd7 41. f3 Kf7 42. Qd3 f5 43. g5 Qd6 44. Qd2 Nxb3 45. Qxd6 cxd6 46. Nd5 Nd2 47. Nxb6 d5 48. cxd5 c4 49. Kf2 c3 50. Ke2 Nxf3 51. Kd3 Nxh4 52. Nc4 Nf3 53. Nxa5 Nxg5 54. Kxc3 Ne4+ 55. Kd4 g5 56. Nc4 g4 57. Ne5+ Ke7 58. a5 Nd6 59. a6 g3 60. Ke3 Nc8 61. Nc4 Kd7 62. Kf3 f4 63. Ne5+ Kd6 64. Nd3 1/2-1/2

[Event "Pardubice op rapid 32nd"]
[Site "Pardubice"]
[Date "2021.07.22"]
[Round "9"]
[White "Movsesian, Julia"]
[Black "Mojzis, Jaroslav"]
[Result "1-0"]
[WhiteElo "2326"]
[BlackElo "2044"]
[PlyCount "73"]
[EventDate "2021.07.21"]
[EventType "swiss (rapid)"]
[EventRounds "9"]
[EventCountry "CZE"]
[SourceTitle "CBM 203 Extra"]
[Source "ChessBase"]
[SourceDate "2021.09.30"]
[SourceVersion "1"]
[SourceVersionDate "2021.09.30"]
[SourceQuality "1"]

1. e4 e5 2. Nf3 Nc6 3. Bc4 Nf6 4. d3 Be7 5. 0-0 0-0 6. Re1 d6 7. c3 h6 8. Nbd2 Re8 9. Nf1 Bf8 10. Ne3 Be6 11. Bb3 Bxb3 12. Qxb3 Rb8 13. Nf5 Qd7 14. Be3 Qe6 15. Qc2 d5 16. h3 Rbd8 17. g4 dxe4 18. dxe4 Nh7 19. Kh2 Ne7 20. Rg1 Ng6 21. g5 hxg5 22. Nxg5 Nxg5 23. Rxg5 Qc4 24. Rag1 Qd3 25. Qxd3 Rxd3 26. h4 Re6 27. h5 Nf4 28. Nxg7 Bxg7 29. Rxg7+ Kf8 30. Rh7 b6 31. Rh8+ Ke7 32. Rgg8 Kf6 33. Kg3 Ke7 34. h6 Rg6+ 35. Rxg6 Nxg6 36. Rg8 Rd8 37. Bg5+ 1-0

[Event "Pardubice op rapid 32nd"]
[Site "Pardubice"]
[Date "2021.07.21"]
[Round "2"]
[White "Movsesian, Sergei"]
[Black "Mojzis, Jaroslav"]
[Result "1-0"]
[WhiteElo "2647"]
[BlackElo "2044"]
[PlyCount "59"]
[EventDate "2021.07.21"]
[EventType "swiss (rapid)"]
[EventRounds "9"]
[EventCountry "CZE"]
[SourceTitle "CBM 203 Extra"]
[Source "ChessBase"]
[SourceDate "2021.09.30"]
[SourceVersion "1"]
[SourceVersionDate "2021.09.30"]
[SourceQuality "1"]

1. e4 e5 2. Nf3 Nc6 3. Bb5 a6 4. Ba4 Nf6 5. 0-0 Be7 6. d3 d6 7. c3 0-0 8. Nbd2 b5 9. Bc2 Bb7 10. Re1 Nb8 11. d4 Nbd7 12. Nf1 Re8 13. Ng3 g6 14. a4 c5 15. Bg5 Bf8 16. Qd2 Bg7 17. Rad1 Qc7 18. d5 c4 19. Bh6 Nc5 20. Bxg7 Kxg7 21. Nf5+ Kh8 22. Qh6 Rg8 23. Ng5 gxf5 24. Qxf6+ Rg7 25. exf5 Rag8 26. Re3 Re8 27. Rh3 Kg8 28. Rxh7 Rxh7 29. Nxh7 Qd8 30. Qh6 1-0

[Event "Pardubice Kraj op-G"]
[Site "Pardubice"]
[Date "2020.09.24"]
[Round "8"]
[White "Kokes, Bohuslav"]
[Black "Mojzis, Jaroslav"]
[Result "0-1"]
[WhiteElo "1919"]
[BlackElo "2060"]
[PlyCount "106"]
[EventDate "2020.09.23"]
[EventType "swiss (rapid)"]
[EventRounds "9"]
[EventCountry "CZE"]
[SourceTitle "CBM 198 Extra"]
[Source "ChessBase"]
[SourceDate "2020.11.30"]
[SourceVersion "1"]
[SourceVersionDate "2020.11.30"]
[SourceQuality "1"]

1. e4 e5 2. Nf3 Nc6 3. d4 exd4 4. Nxd4 Nf6 5. Nxc6 bxc6 6. Bd3 d5 7. exd5 cxd5 8. 0-0 Be7 9. Nc3 0-0 10. b3 c6 11. h3 Re8 12. Bb2 Bd6 13. Qf3 Bc7 14. Ne2 Ne4 15. Qh5 Qg5 16. Qxg5 Nxg5 17. Ng3 g6 18. Rfe1 Bd7 19. c4 h5 20. Bf6 Ne6 21. Ne2 Nc5 22. Bc2 Ba5 23. Nc3 Ne6 24. cxd5 cxd5 25. Red1 Rac8 26. Rxd5 Bxc3 27. Bxc3 Rxc3 28. Bxg6 fxg6 29. Rxd7 a5 30. Ra7 Rc5 31. Rd1 Rec8 32. Rd6 Nf8 33. Rda6 h4 34. a3 Rc3 35. b4 axb4 36. axb4 Rb8 37. Ra8 Rxa8 38. Rxa8 Rb3 39. Rb8 Kf7 40. Kh2 Nd7 41. Rb7 Ke7 42. g3 hxg3+ 43. fxg3 Rb2+ 44. Kg1 Kd6 45. Rb5 Ne5 46. Rb6+ Kd5 47. h4 Ke4 48. Re6 Rxb4 49. g4 Kf4 50. g5 Nf3+ 51. Kf2 Nxh4 52. Rf6+ Kxg5 53. Rf8 Rf4+ 0-1

[Event "Pardubice Kraj op-G"]
[Site "Pardubice"]
[Date "2020.09.24"]
[Round "7"]
[White "Mojzis, Jaroslav"]
[Black "Kapoun, Vit"]
[Result "1-0"]
[WhiteElo "2060"]
[BlackElo "1766"]
[PlyCount "109"]
[EventDate "2020.09.23"]
[EventType "swiss (rapid)"]
[EventRounds "9"]
[EventCountry "CZE"]
[SourceTitle "CBM 198 Extra"]
[Source "ChessBase"]
[SourceDate "2020.11.30"]
[SourceVersion "1"]
[SourceVersionDate "2020.11.30"]
[SourceQuality "1"]

1. d4 Nf6 2. c4 g6 3. Nf3 Bg7 4. g3 d6 5. Bg2 0-0 6. 0-0 Nbd7 7. Nc3 c5 8. b3 cxd4 9. Nxd4 a6 10. Bd2 Nc5 11. Rc1 Ne6 12. Nc2 Rb8 13. a4 Nc5 14. Ne3 Bd7 15. Ncd5 b5 16. cxb5 axb5 17. a5 Nxd5 18. Nxd5 Bc6 19. Nxe7+ Qxe7 20. Bxc6 Qc7 21. Bd5 b4 22. a6 Qa5 23. Bg5 Rfe8 24. Rc4 Qxa6 25. Qc2 Re5 26. e4 Rxg5 27. f4 Rxd5 28. exd5 Re8 29. f5 Bc3 30. fxg6 hxg6 31. Rcf4 Re2 32. Qb1 Qb7 33. Rxf7 Qxf7 34. Rxf7 Kxf7 35. Qf1+ Kg7 36. Qxe2 Kf6 37. Qc4 Ke5 38. Kg2 g5 39. h4 gxh4 40. gxh4 Ne4 41. h5 Nd2 42. Qg4 Kxd5 43. h6 Kc5 44. Qg8 d5 45. Qc8+ Kb5 46. h7 Nxb3 47. h8Q Bxh8 48. Qxh8 Kc4 49. Qb2 Nc5 50. Qc2+ Kb5 51. Kf3 b3 52. Qc3 Kc6 53. Ke3 Kd6 54. Qb4 Kc6 55. Qb8 1-0

[Event "Pardubice Kraj op-G"]
[Site "Pardubice"]
[Date "2020.09.24"]
[Round "6"]
[White "Slavik, Jan"]
[Black "Mojzis, Jaroslav"]
[Result "1-0"]
[WhiteElo "1912"]
[BlackElo "2060"]
[PlyCount "37"]
[EventDate "2020.09.23"]
[EventType "swiss (rapid)"]
[EventRounds "9"]
[EventCountry "CZE"]
[SourceTitle "CBM 198 Extra"]
[Source "ChessBase"]
[SourceDate "2020.11.30"]
[SourceVersion "1"]
[SourceVersionDate "2020.11.30"]
[SourceQuality "1"]

1. e4 e5 2. Nf3 Nc6 3. Bc4 Nf6 4. d4 exd4 5. 0-0 Nxe4 6. Re1 d5 7. Bxd5 Qxd5 8. Nc3 Qd7 9. Rxe4+ Be7 10. Nxd4 0-0 11. Nxc6 Qxc6 12. Rxe7 Be6 13. Bf4 Rac8 14. Qh5 Qc4 15. Qg5 h6 16. Qg3 Kh8 17. Re1 Qb4 18. R1xe6 fxe6 19. Qxg7# 1-0

[Event "Pardubice Kraj op-G"]
[Site "Pardubice"]
[Date "2020.09.23"]
[Round "4"]
[White "Mlcak, Viktor"]
[Black "Mojzis, Jaroslav"]
[Result "0-1"]
[WhiteElo "1828"]
[BlackElo "2060"]
[PlyCount "96"]
[EventDate "2020.09.23"]
[EventType "swiss (rapid)"]
[EventRounds "9"]
[EventCountry "CZE"]
[SourceTitle "CBM 198 Extra"]
[Source "ChessBase"]
[SourceDate "2020.11.30"]
[SourceVersion "1"]
[SourceVersionDate "2020.11.30"]
[SourceQuality "1"]

1. e4 e5 2. Nc3 Nf6 3. Bc4 Nxe4 4. Qh5 Nd6 5. Qxe5+ Qe7 6. Qxe7+ Bxe7 7. Bb3 0-0 8. Nf3 Nf5 9. d4 c6 10. d5 c5 11. Bf4 Bd6 12. Bg3 Bxg3 13. hxg3 Re8+ 14. Kd2 Nd6 15. Rae1 Rxe1 16. Rxe1 Kf8 17. Ne4 Nxe4+ 18. Rxe4 d6 19. c3 Nd7 20. Rh4 h6 21. Bc2 Nf6 22. c4 Bd7 23. Rh1 b5 24. b3 a6 25. Nh4 bxc4 26. bxc4 Ng4 27. f4 Rb8 28. Rb1 Rxb1 29. Bxb1 g6 30. Nf3 Ke7 31. Ke2 h5 32. Nd2 Nh6 33. Nb3 Kd8 34. Nd2 Nf5 35. Kf2 Nd4 36. Bd3 Kc7 37. Ke3 Kb6 38. Ne4 Nf5+ 39. Kf2 Ka5 40. Ng5 Be8 41. Bxf5 gxf5 42. Nh7 Kb4 43. Nf6 Ba4 44. Nxh5 Kxc4 45. Nf6 Bc2 46. Kf3 Kd4 47. g4 Bd1+ 48. Kg3 fxg4 0-1

[Event "WchT Seniors 65"]
[Site "Prague"]
[Date "2020.03.06"]
[Round "1.4"]
[White "Stebbings, Anthony"]
[Black "Mojzis, Jaroslav"]
[Result "1/2-1/2"]
[WhiteElo "2313"]
[BlackElo "2074"]
[PlyCount "83"]
[EventDate "2020.03.06"]
[EventType "team-swiss"]
[EventRounds "7"]
[EventCountry "CZE"]
[SourceTitle "CBM 195 Extra"]
[Source "ChessBase"]
[SourceDate "2020.05.31"]
[SourceVersion "1"]
[SourceVersionDate "2020.05.31"]
[SourceQuality "1"]
[WhiteTeam "England 65"]
[BlackTeam "Czech Republic 65 V"]
[WhiteTeamCountry "ENG"]
[BlackTeamCountry "CZE"]

1. c4 Nf6 2. Nc3 e6 3. Nf3 Bb4 4. Qc2 d6 5. a3 Bxc3 6. Qxc3 e5 7. d3 0-0 8. e3 Re8 9. b4 Bg4 10. Be2 Nbd7 11. Bb2 Nf8 12. 0-0 Ne6 13. Rfe1 e4 14. Nd2 Bxe2 15. Rxe2 exd3 16. Qxd3 Qe7 17. Ree1 Rad8 18. e4 c6 19. Qe3 a6 20. Rad1 h6 21. Nf1 Ng4 22. Qg3 Nf6 23. f3 Nh5 24. Qg4 Qg5 25. Ne3 Qxg4 26. fxg4 Nhf4 27. Nf5 Ng5 28. Nxd6 Re6 29. e5 Rd7 30. h4 Nh7 31. Nf5 Nf8 32. Rxd7 Nxd7 33. Re3 Nb6 34. Re4 Nd3 35. Ba1 Nd7 36. Nd6 b5 37. cxb5 cxb5 38. Nb7 N3xe5 39. Bxe5 Rxe5 40. Nc5 Rxe4 41. Nxe4 Kf8 42. Kf2 1/2-1/2

[Event "CZE-chT1W 1920"]
[Site "Czech Republic"]
[Date "2020.03.01"]
[Round "9.1"]
[White "Pauch, Jan"]
[Black "Mojzis, Jaroslav"]
[Result "1-0"]
[WhiteElo "1989"]
[BlackElo "2095"]
[PlyCount "37"]
[EventDate "2019.10.20"]
[EventType "team-tourn"]
[EventRounds "11"]
[EventCountry "CZE"]
[SourceTitle "CBM 195 Extra"]
[Source "ChessBase"]
[SourceDate "2020.05.31"]
[SourceVersion "1"]
[SourceVersionDate "2020.05.31"]
[SourceQuality "1"]
[WhiteTeam "Lysa nad Labem III"]
[BlackTeam "Polabiny II"]
[WhiteTeamCountry "CZE"]
[BlackTeamCountry "CZE"]

1. e4 e5 2. Nf3 Nc6 3. d4 exd4 4. Bc4 Nf6 5. e5 d5 6. Bb5 Ne4 7. Nxd4 Bc5 8. Be3 0-0 9. Nxc6 bxc6 10. Bxc5 Nxc5 11. Bxc6 Rb8 12. 0-0 Qe7 13. Qd4 Ne6 14. Qxa7 Rb6 15. Bxd5 Nf4 16. Nc3 Qxe5 17. Rfe1 Qg5 18. Qxc7 Nxg2 19. Qxf7+ 1-0

[Event "CZE-chT2D 1920"]
[Site "Czech Republic"]
[Date "2019.11.03"]
[Round "2.4"]
[White "Malivanek, Jiri"]
[Black "Mojzis, Jaroslav"]
[Result "1-0"]
[WhiteElo "2073"]
[BlackElo "2095"]
[PlyCount "71"]
[EventDate "2019.10.13"]
[EventType "team-tourn"]
[EventRounds "11"]
[EventCountry "CZE"]
[SourceTitle "EXT 2024"]
[Source "ChessBase"]
[SourceDate "2023.10.10"]
[SourceVersion "1"]
[SourceVersionDate "2023.10.10"]
[SourceQuality "1"]
[WhiteTeam "Chrudim"]
[BlackTeam "Polabiny III"]
[WhiteTeamCountry "CZE"]
[BlackTeamCountry "CZE"]

1. e4 e5 2. Nf3 Nc6 3. Bc4 Nf6 4. d3 Be7 5. Bb3 d6 6. c3 0-0 7. Nbd2 Na5 8. Bc2 c5 9. d4 cxd4 10. cxd4 Nc6 11. d5 Nb4 12. Bb1 a5 13. 0-0 Bd7 14. a3 Na6 15. b3 Nc5 16. Re1 Ne8 17. Nc4 a4 18. bxa4 Bxa4 19. Bc2 Bxc2 20. Qxc2 b5 21. Ne3 Qd7 22. Bd2 Bd8 23. Nxe5 dxe5 24. Qxc5 Ba5 25. Bxa5 Rxa5 26. Nc4 Ra6 27. Nxe5 Qd6 28. Nd3 Qh6 29. e5 Rg6 30. d6 Qg5 31. g3 Qf5 32. Qe3 f6 33. f4 h5 34. Qe4 Qxe4 35. Rxe4 fxe5 36. fxe5 1-0

[Event "Pardubice op rapid 30th"]
[Site "Pardubice"]
[Date "2019.07.18"]
[Round "4"]
[White "Mojzis, Jaroslav"]
[Black "Kopriva, Martin"]
[Result "1-0"]
[WhiteElo "2095"]
[BlackElo "2031"]
[PlyCount "67"]
[EventDate "2019.07.17"]
[EventType "swiss (rapid)"]
[EventRounds "9"]
[EventCountry "CZE"]
[SourceTitle "CBM 191 Extra"]
[Source "ChessBase"]
[SourceDate "2019.09.30"]
[SourceVersion "1"]
[SourceVersionDate "2019.09.30"]
[SourceQuality "1"]

1. d4 Nf6 2. Bf4 g6 3. Nc3 d5 4. Qd2 h5 5. Nf3 c6 6. e3 Bg7 7. Bd3 Nbd7 8. h3 b5 9. a3 Qb6 10. e4 dxe4 11. Nxe4 Nxe4 12. Bxe4 Nf6 13. Bd3 Nd5 14. c3 Bb7 15. 0-0 Nxf4 16. Qxf4 0-0 17. Rfe1 e6 18. Ne5 Rad8 19. Be4 c5 20. dxc5 Qa6 21. b4 Bxe4 22. Qxe4 Qc8 23. f4 Rd2 24. Rad1 Rfd8 25. Rxd2 Rxd2 26. Re3 Ra2 27. Rd3 Rxa3 28. c6 Ra6 29. Rd7 Bxe5 30. Qxe5 Rxc6 31. Qd4 e5 32. Qd5 Kh7 33. Qxf7+ Kh8 34. Qg7# 1-0